| 000 | 00657 a2200265 4500 | ||
|---|---|---|---|
| 005 | 20260210111258.0 | ||
| 008 | 260206b |||||||| |||| 00| 0 eng d | ||
| 020 |
_a9781292737423 _c£ 64.99 |
||
| 040 | _aMAIN | ||
| 082 |
_a576 _bT638M(14) |
||
| 100 | _aTortora, Gerard J | ||
| 245 | _aMicrobiology: An introduction | ||
| 250 | _a14th | ||
| 260 |
_bPearson _c2025 _aHarlow |
||
| 300 | _av. | ||
| 650 | _aMicrobiology | ||
| 650 | _aBiology | ||
| 650 | _aMicrobial Mechanisms | ||
| 650 | _aImmnology | ||
| 700 | _aCase, Christine L | ||
| 700 | _aBair III, Warner B | ||
| 700 | _aWeber, Derek | ||
| 700 | _aFunke, Berdell R | ||
| 942 | _cBK | ||
| 999 |
_c394044 _d394044 |
||